Son Heung-Min's 100 EPL Goals - Statistics

General Stats
  • This quiz has been taken 145 times
    130 since last reset
  • The average score is 17 of 27
Answer Stats
Goals Scored Against % Correct
4 Manchester City
98%
3 Manchester United
98%
4 Arsenal
93%
2 Chelsea
90%
4 Liverpool
87%
9 Leicester City
78%
4 Newcastle United
78%
3 Burnley
77%
6 West Ham United
76%
4 Everton
75%
5 Aston Villa
74%
2 Brighton & Hove Albion
74%
10 Southampton
73%
7 Crystal Palace
72%
5 Bournemouth
65%
1 Brentford
62%
4 Norwich City
61%
1 Nottingham Forest
61%
3 Leeds United
58%
2 Sheffield United
49%
6 Watford
49%
1 West Bromwich Albion
42%
3 Stoke City
39%
1 Cardiff City
36%
2 Swansea City
33%
2 Huddersfield Town
27%
2 Middlesbrough
21%
No matching quizzes found
Score Distribution
Percent of People with Each Score
Percentile by Number Answered
Your Score History
You have not taken this quiz since the last reset